LDR 01249nam a2200265 4500 001 000000367455 003 CaOOAMICUS 005 20260430123303.0 008 260427s2025 it 000 u ita r 020 $a978-88-351-6398-5 040 $aSeMil$bita 245 02$aL'algoritmo dell'uguaglianza :$bintelligenza artificiale, diritti della persona, crescita delle imprese /$cRuben Razzante (a cura di) ; prefazione di Liliana Segre. 264 1$aMilano :$bFranco Angeli,$c2025. 300 $a140 p. ;$c22 cm 650 4$aIntelligenza artificiale - Effetti sociali.$0(OLS)http://semarc/subject/59382 700 1 $aRazzante, Ruben.$0(OLS)http://semarc/name/124241 700 1 $aSegre, Liliana,$d<1930- >.$0(OLS)http://semarc/name/93176 850 $aSeMil 852 $aSeMil$W1$xVenegono$y1$m3X III 262$j271199$B258152$CSeMilBibl$Z2$F258152 $81 941 1 $a7 961 $aOmaggio mons. Mario Delpini 996 $6020$a978-88-351-6398-5$9(OLS)http://semarc/number/305747 996 $6245$aL'algoritmo dell'uguaglianza :$bintelligenza artificiale, diritti della persona, crescita delle imprese$9(OLS)http://semarc/title/459393 996 $6264$aMilano :$bFranco Angeli$9(OLS)http://semarc/publisher/30369